000 00441nam a2200169Ia 4500
008 230917s9999||||xx |||||||||||||| ||und||
020 _cRS1995
040 _e247796
_aMAIN
041 _aEnglish
082 _a660.4 M313A
100 _aManendra Kumar
245 0 _aApplied biotechnology
260 _aNew Delhi
_bIshwari Books
_c2018
300 _avi, 272 p.
500 _a3134 28/05/2018 RBP18/71416 01/06/2018 Main Budget
942 _cBK
999 _c26901
_d26901